[Event "Konik Morski Rewala OPEN B"]
[Site "Rewal"]
[Date "2007.08.29"]
[Round "8.1"]
[White "Wojtaszewski, Piotr"]
[Black "Czernicki, Bogdan"]
[Result "0-1"]
[WhiteElo "1848"]
[BlackElo "2094"]
[PlyCount "50"]
[EventDate "2007.??.??"]

1. e4 e6 2. d4 d5 3. Nd2 f5 4. exf5 exf5 5. f4 Nf6 6. Ngf3 Bd6 7. Ne5 O-O 8.
Bd3 c5 9. c3 Nc6 10. Ndf3 cxd4 11. cxd4 Qb6 12. Nxc6 bxc6 13. O-O Ne4 14. Bxe4
fxe4 15. Ne5 Bxe5 16. fxe5 Rxf1+ 17. Kxf1 Ba6+ 18. Kf2 Rf8+ 19. Kg3 c5 20. Be3
Bc8 21. h3 Qxb2 22. dxc5 Qxe5+ 23. Kh4 h6 24. Qd4 Rf4+ 25. g4 Rxg4+ 0-1

[Event "Konik Morski Rewala OPEN B"]
[Site "Rewal"]
[Date "2007.08.29"]
[Round "8.2"]
[White "Ziebinski, Bartosz"]
[Black "Jacel, Lukasz"]
[Result "0-1"]
[WhiteElo "1853"]
[BlackElo "1945"]
[PlyCount "74"]
[EventDate "2007.??.??"]

1. e4 Nc6 2. Nc3 e6 3. d4 Bb4 4. Nge2 d6 5. a3 Ba5 6. g3 Nge7 7. Bg2 O-O 8. O-O
e5 9. dxe5 dxe5 10. Be3 Qe8 11. b4 Bb6 12. Bxb6 cxb6 13. Nd5 Nxd5 14. exd5 Ne7
15. f4 Nf5 16. Qd3 Nd6 17. fxe5 Qxe5 18. Nd4 Re8 19. c4 g6 20. c5 Bf5 21. Nxf5
Nxf5 22. c6 bxc6 23. dxc6 Rad8 24. Qf3 Rd2 25. Bh3 Qd4+ 26. Kh1 Ree2 27. Bg2
Rxg2 28. Qxg2 Rxg2 29. Kxg2 Ne3+ 30. Kf3 Nxf1 31. Rxf1 Qc3+ 32. Kg2 Qxc6+ 33.
Rf3 g5 34. Kf2 f5 35. Re3 Kf7 36. h3 Kf6 37. g4 f4 0-1

[Event "Konik Morski Rewala OPEN B"]
[Site "Rewal"]
[Date "2007.08.29"]
[Round "8.3"]
[White "Brudzinski, Maciej"]
[Black "Chmielinska, Alicja"]
[Result "1/2-1/2"]
[WhiteElo "2114"]
[BlackElo "2073"]
[PlyCount "119"]
[EventDate "2007.??.??"]

1. Nf3 d5 2. d3 Nf6 3. Nbd2 g6 4. e4 Bg7 5. g3 O-O 6. Bg2 c6 7. O-O Bg4 8. Re1
dxe4 9. dxe4 Qc8 10. c3 Nbd7 11. h3 Bxf3 12. Nxf3 Nc5 13. Qc2 Rd8 14. e5 Nd5
15. Nd4 Ne6 16. Qb3 Nxd4 17. cxd4 Qc7 18. Bd2 Qb6 19. Qxb6 Nxb6 20. Bc3 e6 21.
Rad1 Rd7 22. b3 Rad8 23. Rc1 Nd5 24. Bb2 Nb4 25. Be4 f6 26. Rc4 Na6 27. f4 fxe5
28. fxe5 Nc7 29. a4 Bh6 30. Bf3 Nd5 31. Bg4 Re8 32. Bc1 Bxc1 33. Rcxc1 h5 34.
Bf3 Ne7 35. g4 h4 36. Rc4 Red8 37. Rd1 g5 38. b4 b5 39. Rc5 bxa4 40. Ra5 Rxd4
41. Rxd4 Rxd4 42. Rxa4 Nd5 43. Rxa7 Rxb4 44. Ra8+ Kf7 45. Ra7+ Kf8 46. Ra6 Rc4
47. Ra8+ Kf7 48. Ra7+ Kf8 49. Ra8+ Kf7 50. Ra7+ Ne7 51. Rc7 c5 52. Be2 Rc3 53.
Bf1 Ke8 54. Bb5+ Kf7 55. Bf1 Rc2 56. Bd3 Rc3 57. Bf1 Rc2 58. Bd3 Rc3 59. Be2
Rc4 60. Bf3 1/2-1/2

[Event "Konik Morski Rewala OPEN B"]
[Site "Rewal"]
[Date "2007.08.29"]
[Round "8.4"]
[White "Kopinski, Tomasz"]
[Black "Efinowicz, Michal"]
[Result "0-1"]
[WhiteElo "2032"]
[BlackElo "2078"]
[PlyCount "84"]
[EventDate "2007.??.??"]

1. c4 d6 2. Nc3 g6 3. Nf3 Bg7 4. g3 e5 5. d4 exd4 6. Nxd4 Nc6 7. e3 Nge7 8. Bg2
O-O 9. Nde2 Ne5 10. O-O Nxc4 11. e4 Kh8 12. Qb3 Nb6 13. Be3 Be6 14. Qc2 Nc4 15.
Bd4 Nc6 16. Bxg7+ Kxg7 17. b3 Nb6 18. f4 f5 19. Rad1 fxe4 20. Nxe4 Qe7 21. Rfe1
Rae8 22. Qd2 Bg4 23. Rc1 d5 24. N4c3 Qe3+ 25. Qxe3 Rxe3 26. Kf2 Rfe8 27. h3
Bxe2 28. Rxe2 Rxe2+ 29. Nxe2 Re7 30. Nc3 Nb4 31. Rd1 c6 32. Rd2 a5 33. Bf1 c5
34. Bb5 d4 35. Ne2 Nc8 36. a3 Nd5 37. Bd3 Nd6 38. Bc2 Nf6 39. Rd3 Nde4+ 40. Kf1
b5 41. Bb1 Nd5 42. Ng1 Ne3+ 0-1

[Event "Konik Morski Rewala OPEN B"]
[Site "Rewal"]
[Date "2007.08.29"]
[Round "8.5"]
[White "Palacz, Krzysztof"]
[Black "Szarwacki, Dominik"]
[Result "1-0"]
[WhiteElo "2099"]
[BlackElo "1928"]
[PlyCount "63"]
[EventDate "2007.??.??"]

1. e4 g6 2. d4 Bg7 3. Nc3 c5 4. d5 d6 5. h4 Nf6 6. Be2 Nbd7 7. h5 Nxh5 8. Bxh5
gxh5 9. Rxh5 Bxc3+ 10. bxc3 Nf6 11. Rh4 Rg8 12. g3 Qa5 13. Bd2 b6 14. Qe2 Qa4
15. c4 Qxc2 16. e5 dxe5 17. Qxe5 Qd3 18. Qc7 Bd7 19. Rd1 Rc8 20. Qe5 Rg4 21.
Bf4 Qxc4 22. Rxg4 Bxg4 23. f3 Bd7 24. Bg5 Kd8 25. d6 Qe6 26. dxe7+ Ke8 27. Qxe6
Bxe6 28. Bxf6 Bd7 29. g4 Rc6 30. g5 c4 31. Ne2 b5 32. Nf4 1-0

[Event "Konik Morski Rewala OPEN B"]
[Site "Rewal"]
[Date "2007.08.29"]
[Round "8.6"]
[White "Swiech, Piotr"]
[Black "Polok, Kacper"]
[Result "0-1"]
[WhiteElo "2031"]
[BlackElo "1887"]
[PlyCount "110"]
[EventDate "2007.??.??"]

1. d4 Nf6 2. c4 c5 3. d5 b5 4. cxb5 a6 5. bxa6 Bxa6 6. Nc3 g6 7. g3 d6 8. h4
Bg7 9. Nf3 O-O 10. Bg2 Nbd7 11. O-O Ng4 12. Re1 Nge5 13. Nd2 Qc7 14. f4 Nc4 15.
Nxc4 Bxc4 16. Qc2 Rfb8 17. Bd2 Bxa2 18. e4 Bb3 19. Qc1 c4 20. Rxa8 Rxa8 21. Kh2
Nc5 22. Bf1 Qa7 23. Kg2 Na6 24. Be3 Qb7 25. Qd2 Nb4 26. Bf2 Ra5 27. Kh2 Ra8 28.
Rb1 Bc2 29. Re1 Bd3 30. Bg2 Nc2 31. Rb1 Na1 32. Re1 Nb3 33. Qd1 Bxc3 34. bxc3
Ra2 35. Bg1 Ra1 36. Bf2 Ra2 37. Kg1 Be2 38. Qb1 Qa6 39. e5 Ra1 40. Qe4 Bd3 41.
Rxa1 Qxa1+ 42. Qe1 Nc1 43. Qd2 Ne2+ 44. Kh2 Qxc3 45. Qe3 Qc1 46. Qb6 Nxf4 47.
Qd8+ Kg7 48. Qxe7 Nxg2 49. Qf6+ Kh6 50. exd6 Bf5 51. Qxf7 Ne3 52. d7 Ng4+ 53.
Kg2 Be4+ 54. Kh3 Qh1+ 55. Kxg4 Bf5+ 0-1

[Event "Konik Morski Rewala OPEN B"]
[Site "Rewal"]
[Date "2007.08.29"]
[Round "8.7"]
[White "Mazalon, Bartlomiej"]
[Black "Czachor, Grzegorz"]
[Result "1-0"]
[WhiteElo "1913"]
[BlackElo "2029"]
[PlyCount "83"]
[EventDate "2007.??.??"]

1. e4 c5 2. Nf3 d6 3. Bb5+ Bd7 4. Bxd7+ Qxd7 5. d3 Nc6 6. O-O e6 7. Re1 Nf6 8.
Nbd2 Be7 9. Nf1 O-O 10. c3 Rac8 11. h3 b5 12. Be3 Rfd8 13. Qe2 Qb7 14. Ng3 Na5
15. b3 c4 16. bxc4 bxc4 17. Rab1 Qa8 18. d4 Nxe4 19. Nxe4 Qxe4 20. Rb5 Nc6 21.
Nd2 Qc2 22. Qxc4 Nb8 23. Qb4 Qxc3 24. Rxb8 Qc7 25. Rb7 Qc6 26. Rxe7 a6 27. Qb7
Qxb7 28. Rxb7 Rc2 29. a3 Ra2 30. Rc1 h6 31. Rb3 a5 32. Nc4 a4 33. Rb2 Rxb2 34.
Nxb2 d5 35. Bd2 g5 36. Bb4 Ra8 37. Rc7 Kg7 38. Nd3 Kg6 39. Ne5+ Kf5 40. f3 f6
41. g4+ Kf4 42. Kf2 1-0

[Event "Konik Morski Rewala OPEN B"]
[Site "Rewal"]
[Date "2007.08.29"]
[Round "8.8"]
[White "Wisniowska, Klaudia"]
[Black "Kaniak, Monika"]
[Result "0-1"]
[WhiteElo "1846"]
[BlackElo "1950"]
[PlyCount "86"]
[EventDate "2007.??.??"]

1. e4 e6 2. d4 d5 3. Nc3 Nf6 4. e5 Nfd7 5. f4 c5 6. Nf3 Nc6 7. Be3 a6 8. Qd2 b5
9. a3 Qc7 10. Ne2 Be7 11. g3 a5 12. Bh3 h6 13. O-O Ba6 14. Rfd1 Rc8 15. c3 Nd8
16. dxc5 Bxc5 17. Ned4 Rb8 18. Kh1 O-O 19. Qg2 Bc8 20. g4 g6 21. Qg3 Kg7 22. f5
Bxd4 23. Rxd4 Rh8 24. fxg6 fxg6 25. Rf1 Nc6 26. Rd2 b4 27. Rdf2 Ba6 28. Rd1
bxc3 29. bxc3 Rbe8 30. g5 h5 31. Nd4 Nxd4 32. cxd4 h4 33. Qg4 Qc3 34. Bd2 Qxa3
35. Rc1 Re7 36. Rf6 Bd3 37. Rxe6 Bf5 38. Rxe7+ Qxe7 39. Qe2 Bxh3 40. Bxa5 Qxg5
41. Rg1 Qf4 42. Bd2 Qf7 43. Qe3 Bf5 0-1

[Event "Konik Morski Rewala OPEN B"]
[Site "Rewal"]
[Date "2007.08.29"]
[Round "8.9"]
[White "Dubiel, Lukasz"]
[Black "Kaniak, Justyna"]
[Result "1-0"]
[WhiteElo "1918"]
[BlackElo "1942"]
[PlyCount "59"]
[EventDate "2007.??.??"]

1. d4 Nf6 2. c4 c5 3. d5 d6 4. Nc3 g6 5. Nf3 Bg7 6. e4 O-O 7. Bd3 e6 8. O-O
exd5 9. exd5 Re8 10. Bf4 Nh5 11. Bg5 f6 12. Be3 Bg4 13. h3 Bxf3 14. Qxf3 Bf8
15. g4 Ng7 16. Qg3 Qd7 17. h4 f5 18. h5 fxg4 19. hxg6 h5 20. Ne4 Be7 21. Qf4
Bh4 22. Qf7+ Kh8 23. Qf4 Nf5 24. Ng3 Nxe3 25. fxe3 Bxg3 26. Qh6+ Kg8 27. Rf7
Qxf7 28. gxf7+ Kxf7 29. Qh7+ Kf6 30. Rf1+ 1-0

[Event "Konik Morski Rewala OPEN B"]
[Site "Rewal"]
[Date "2007.08.29"]
[Round "8.11"]
[White "Borowicz, Przemyslaw"]
[Black "Jonczyk, Krzysztof"]
[Result "1-0"]
[WhiteElo "1936"]
[BlackElo "2073"]
[PlyCount "91"]
[EventDate "2007.??.??"]

1. d4 d5 2. c4 e5 3. dxe5 d4 4. Nf3 Nc6 5. g3 Bf5 6. Bg2 Qd7 7. O-O O-O-O 8.
Nbd2 Nge7 9. Nb3 Ng6 10. Bg5 Be7 11. Bxe7 Qxe7 12. Nbxd4 Nxd4 13. Nxd4 Qxe5 14.
e3 Be4 15. f4 Qe7 16. Bxe4 Qxe4 17. Qf3 Rhe8 18. Qxe4 Rxe4 19. Kf2 c5 20. Kf3
Re7 21. Nf5 Red7 22. Rf2 f6 23. Rc1 Nf8 24. Rcc2 Ne6 25. Nh4 Rd3 26. Ke2 Kc7
27. Nf3 a6 28. Rd2 Rxd2+ 29. Nxd2 Kc6 30. Kf3 f5 31. Ke2 b5 32. b3 Re8 33. Nf3
bxc4 34. Ne5+ Kd5 35. bxc4+ Kd6 36. Kd3 Rb8 37. Kc3 Rb7 38. Rd2+ Ke7 39. Nc6+
Ke8 40. Rd6 Nc7 41. Rd8+ Kf7 42. Rd7+ Ke8 43. Rd8+ Kf7 44. Rc8 Kg6 45. Ne7+ Kf6
46. Rxc7 1-0

[Event "Konik Morski Rewala OPEN B"]
[Site "Rewal"]
[Date "2007.08.29"]
[Round "8.12"]
[White "Gola, Karolina"]
[Black "Pienkos, Slawomir"]
[Result "0-1"]
[WhiteElo "1878"]
[BlackElo "2064"]
[PlyCount "112"]
[EventDate "2007.??.??"]

1. e4 d6 2. d4 g6 3. Nc3 Bg7 4. Be3 Nc6 5. Qd2 e5 6. dxe5 Bxe5 7. f4 Bg7 8. Nf3
Nge7 9. O-O-O O-O 10. h3 Be6 11. Kb1 a6 12. g4 b5 13. f5 Bc4 14. Bh6 f6 15. g5
Bxh6 16. gxh6 Bf7 17. h4 Kh8 18. Bh3 Rg8 19. fxg6 Nxg6 20. Rhg1 Qe7 21. Bf5
Nce5 22. Nxe5 fxe5 23. Qg5 Rae8 24. Qxe7 Rxe7 25. Rg5 Nf4 26. Rdg1 Rxg5 27.
Rxg5 Bg6 28. Bxg6 hxg6 29. Nd1 Kh7 30. Ne3 Kxh6 31. Rg1 Rf7 32. Rh1 Ne2 33. c3
Ng3 34. Rh3 Nxe4 35. Kc2 c6 36. c4 Rf4 37. cxb5 axb5 38. b3 Nc5 39. Rh2 d5 40.
Rg2 Nd7 41. Ng4+ Kh5 42. Ne3 d4 43. Nd1 e4 44. a4 bxa4 45. bxa4 Ne5 46. Rg5+
Kxh4 47. Rxe5 g5 48. a5 g4 49. a6 e3 50. Kd3 g3 51. Ra5 g2 52. a7 g1=Q 53. a8=Q
Qxd1+ 54. Kc4 Qc2+ 55. Kb4 Qc3+ 56. Ka4 d3# 0-1

[Event "Konik Morski Rewala OPEN B"]
[Site "Rewal"]
[Date "2007.08.29"]
[Round "8.13"]
[White "Skwarnicki, Adam"]
[Black "Dunne, Paul"]
[Result "1-0"]
[WhiteElo "2063"]
[BlackElo "1847"]
[PlyCount "97"]
[EventDate "2007.??.??"]

1. Nf3 d5 2. d4 Nf6 3. g3 Bf5 4. c4 c6 5. Qb3 Qc8 6. Nc3 e6 7. Nh4 dxc4 8. Qxc4
Be4 9. Nxe4 Nxe4 10. Bg2 Nf6 11. Bd2 Be7 12. O-O O-O 13. b4 Qd7 14. Rfd1 Na6
15. a3 Rfd8 16. e3 Qe8 17. Nf3 Ne4 18. Ne5 Nxd2 19. Rxd2 Rac8 20. Nxc6 Rxc6 21.
Bxc6 Qxc6 22. Qxc6 bxc6 23. Rc2 Nb8 24. Rc4 g6 25. Rac1 a6 26. a4 Kg7 27. Kf1
Bf6 28. f4 Rd7 29. Ke2 Rb7 30. e4 Be7 31. d5 cxd5 32. Rc7 Rxc7 33. Rxc7 Bxb4
34. Rb7 Nc6 35. exd5 exd5 36. Rb6 a5 37. Rxc6 d4 38. Kd3 Bc3 39. Rxc3 dxc3 40.
Kxc3 Kf6 41. Kc4 Ke6 42. Kb5 Kd5 43. Kxa5 Kc5 44. h3 h6 45. g4 f6 46. f5 g5 47.
Ka6 Kc6 48. a5 Kc7 49. Kb5 1-0

[Event "Konik Morski Rewala OPEN B"]
[Site "Rewal"]
[Date "2007.08.29"]
[Round "8.14"]
[White "Soko³owski, Krzysztof"]
[Black "Chojnacka, Magdalena"]
[Result "1-0"]
[WhiteElo "2028"]
[BlackElo "1846"]
[PlyCount "115"]
[EventDate "2007.??.??"]

1. e4 c5 2. Nf3 Nc6 3. d4 cxd4 4. Nxd4 Nf6 5. Nc3 e5 6. Ndb5 d6 7. Nd5 Nxd5 8.
exd5 Nb8 9. c4 g6 10. Be2 Bg7 11. Be3 a6 12. Nc3 f5 13. f3 Nd7 14. O-O O-O 15.
Rb1 g5 16. Qd2 h6 17. b4 b6 18. Na4 Rb8 19. c5 b5 20. Nb2 Re8 21. a4 Nf6 22.
axb5 axb5 23. c6 e4 24. f4 Nh7 25. Ra1 g4 26. Ra7 Qf6 27. Rb1 Re7 28. Ra5 Qf7
29. Bxb5 Nf6 30. Bc4 Kh7 31. b5 Ne8 32. b6 Bf6 33. Nd1 Qg7 34. b7 Bxb7 35. cxb7
Rexb7 36. Rab5 Rxb5 37. Rxb5 Rc8 38. Bf1 Kg6 39. Ra5 h5 40. Ra7 Rc7 41. Ra8 Qf7
42. Bb5 Ng7 43. Bc6 Kh7 44. Qb4 Qe7 45. Nc3 Bxc3 46. Qxc3 Qf7 47. Qb4 Qf6 48.
Qd4 Qh4 49. g3 Qe7 50. Qb6 Qf7 51. Qb8 Kg6 52. Bd4 e3 53. Bxg7 Qxg7 54. Qg8 Re7
55. Qxg7+ Kxg7 56. Re8 Rxe8 57. Bxe8 Kf8 58. Bxh5 1-0

[Event "Konik Morski Rewala OPEN B"]
[Site "Rewal"]
[Date "2007.08.29"]
[Round "8.15"]
[White "Wilm, Guenter"]
[Black "Witek, Pawel"]
[Result "0-1"]
[WhiteElo "1862"]
[BlackElo "1996"]
[PlyCount "68"]
[EventDate "2007.??.??"]

1. e4 c6 2. Nc3 d5 3. Nf3 Bg4 4. h3 Bxf3 5. Qxf3 Nf6 6. e5 Nfd7 7. d4 e6 8. Bf4
c5 9. dxc5 Bxc5 10. O-O-O Nc6 11. Qg3 Qa5 12. a3 a6 13. Qxg7 Rf8 14. Bd2 Bxa3
15. Na2 Bb4 16. Bxb4 Nxb4 17. Nxb4 Qxb4 18. Qg3 Rc8 19. Kb1 Qa4 20. Bd3 Rc5 21.
Bxh7 Ra5 22. Qa3 Qxa3 23. bxa3 Nxe5 24. Ka2 Nc4 25. Rd3 Rh8 26. Rb3 Rxh7 27.
Rxb7 Rxa3+ 28. Kb1 Rh4 29. g3 Nd2+ 30. Kb2 Rha4 31. h4 Nc4+ 32. Kc1 Ra1+ 33.
Rb1 Rxb1+ 34. Kxb1 Kf8 0-1

[Event "Konik Morski Rewala OPEN B"]
[Site "Rewal"]
[Date "2007.08.29"]
[Round "8.18"]
[White "Wozniak, Dawid"]
[Black "Rosiak, Agata"]
[Result "1/2-1/2"]
[WhiteElo "1958"]
[BlackElo "1741"]
[PlyCount "97"]
[EventDate "2007.??.??"]

1. d4 Nf6 2. c4 g6 3. Nc3 Bg7 4. e4 d6 5. f4 O-O 6. Nf3 c5 7. d5 e5 8. fxe5
dxe5 9. Bd3 Ne8 10. Bg5 f6 11. Bh4 Nd6 12. O-O Nd7 13. Qc2 Rb8 14. Rf2 a6 15.
a4 b6 16. Raf1 Qe8 17. g4 g5 18. Bg3 h5 19. h3 h4 20. Bxh4 gxh4 21. Nxh4 Bh6
22. Rg2 Kh8 23. Ne2 Bg5 24. Nf5 Nxf5 25. gxf5 Rf7 26. Rf3 Rh7 27. Kf1 Rh4 28.
Ng1 Nf8 29. Rg4 Bd7 30. b3 Qh5 31. Qg2 Nh7 32. Rfg3 Rxg4 33. hxg4 Qf7 34. Rh3
Rg8 35. Nf3 a5 36. Qh1 Be8 37. Be2 Qc7 38. Nxg5 Rxg5 39. Rh6 Qg7 40. Bf3 Kg8
41. Kf2 Kh8 42. d6 Kg8 43. Rh4 Bd7 44. Qd1 Bc6 45. Ke3 Kh8 46. Rh2 Qd7 47. Rh6
Kg8 48. Qh1 Qg7 49. Rh2 1/2-1/2

[Event "Konik Morski Rewala OPEN B"]
[Site "Rewal"]
[Date "2007.08.29"]
[Round "8.19"]
[White "Falkowski, Dawid"]
[Black "Goslawski, Michal"]
[Result "1-0"]
[WhiteElo "2048"]
[BlackElo "1853"]
[PlyCount "93"]
[EventDate "2007.??.??"]

1. e4 c5 2. Nc3 d6 3. f4 g6 4. Bc4 Bg7 5. Nf3 Nc6 6. d3 e6 7. O-O Nge7 8. Qe1
O-O 9. Qh4 Nd4 10. Nxd4 cxd4 11. Ne2 d5 12. Bb3 dxe4 13. dxe4 d3 14. cxd3 Qxd3
15. Ng3 Nc6 16. f5 Qd4+ 17. Kh1 exf5 18. Rd1 Qb4 19. Bd2 Qb5 20. exf5 Bxf5 21.
Bc4 Qc5 22. Rac1 Qd4 23. Nxf5 gxf5 24. Bf4 Qxb2 25. Rd3 Rad8 26. Rf1 Rxd3 27.
Bxd3 Nd4 28. Bh6 Bxh6 29. Qxh6 Qb6 30. Qh4 Re8 31. Rb1 Qc5 32. Qg5+ Kh8 33.
Qf6+ Kg8 34. Qg5+ Kh8 35. Qf6+ Kg8 36. h3 Re6 37. Qh4 b6 38. Qg5+ Rg6 39. Qd8+
Kg7 40. Re1 Ne6 41. Qb8 Qc3 42. Rd1 Qb2 43. Rg1 Rg5 44. Bc4 Qa3 45. Qe5+ Kh6
46. Qf6+ Rg6 47. Qxf7 1-0

[Event "Konik Morski Rewala OPEN B"]
[Site "Rewal"]
[Date "2007.08.29"]
[Round "8.20"]
[White "Malec, Sebastian"]
[Black "Zielinski, Olgierd"]
[Result "0-1"]
[WhiteElo "1740"]
[BlackElo "2044"]
[PlyCount "30"]
[EventDate "2007.??.??"]

1. e4 c5 2. Nf3 a6 3. d4 cxd4 4. Nxd4 Nf6 5. Bd3 Nc6 6. Be3 e5 7. Nf5 d5 8.
exd5 Qxd5 9. Nh4 e4 10. Nc3 Bb4 11. Be2 Qe5 12. Qd2 Nd5 13. a3 Bxc3 14. bxc3
Nxe3 15. Qxe3 g5 0-1

[Event "Konik Morski Rewala OPEN B"]
[Site "Rewal"]
[Date "2007.08.29"]
[Round "9.1"]
[White "Czernicki, Bogdan"]
[Black "Jacel, Lukasz"]
[Result "1/2-1/2"]
[WhiteElo "2094"]
[BlackElo "1945"]
[PlyCount "44"]
[EventDate "2007.??.??"]

1. d4 Nf6 2. f4 d5 3. Nf3 Bf5 4. e3 e6 5. c3 Be7 6. Nbd2 O-O 7. Be2 c5 8. O-O
Nc6 9. Ne5 Nxe5 10. dxe5 Ne4 11. g4 Nxd2 12. Qxd2 Be4 13. b3 f6 14. exf6 Bxf6
15. Bb2 Rc8 16. c4 dxc4 17. Qxd8 Rfxd8 18. Bxf6 gxf6 19. Bxc4 Bd5 20. Rad1 Kf7
21. Kf2 Ke7 22. Ke2 Rd6 1/2-1/2

[Event "Konik Morski Rewala OPEN B"]
[Site "Rewal"]
[Date "2007.08.29"]
[Round "9.2"]
[White "Efinowicz, Michal"]
[Black "Brudzinski, Maciej"]
[Result "0-1"]
[WhiteElo "2078"]
[BlackElo "2114"]
[PlyCount "70"]
[EventDate "2007.??.??"]

1. d3 d6 2. c4 Nf6 3. g3 e5 4. Bg2 g6 5. Nc3 Bg7 6. e4 Nc6 7. Nge2 O-O 8. O-O
Be6 9. h3 Nh5 10. Kh2 f5 11. f4 Qd7 12. a3 Nf6 13. exf5 gxf5 14. fxe5 dxe5 15.
Bg5 Rad8 16. Qb3 Qxd3 17. Qxb7 Nd4 18. Nxd4 exd4 19. Nd5 Ne4 20. Rf3 Qxc4 21.
Bxd8 Bxd5 22. Qxc7 Qe2 23. Rg1 Nd2 24. Rf4 Be5 25. Qe7 d3 26. Kh1 Bf3 27. Qg5+
Kh8 28. Rxf5 Bxg2+ 29. Rxg2 Qe1+ 30. Kh2 Nf1+ 31. Rxf1 Rxf1 32. Rg1 Rf2+ 33.
Rg2 d2 34. Qxe5+ Qxe5 35. Rxf2 Qd6 0-1

[Event "Konik Morski Rewala OPEN B"]
[Site "Rewal"]
[Date "2007.08.29"]
[Round "9.3"]
[White "Mazalon, Bartlomiej"]
[Black "Palacz, Krzysztof"]
[Result "0-1"]
[WhiteElo "1913"]
[BlackElo "2099"]
[PlyCount "74"]
[EventDate "2007.??.??"]

1. e4 c5 2. Nf3 Nc6 3. Bb5 g6 4. O-O Bg7 5. c3 Nf6 6. Re1 O-O 7. Bxc6 dxc6 8.
d3 Qb6 9. Qe2 h6 10. Nbd2 Qa6 11. Nb3 b6 12. e5 Nd5 13. c4 Nc7 14. Qe4 Bf5 15.
Qxc6 Rac8 16. d4 Qxc4 17. Nh4 Nd5 18. Nd2 Qxc1 19. Qxd5 Qxd2 20. Rad1 Qg5 21.
Nf3 Qh5 22. Qb7 Bg4 23. Rd3 Bxf3 24. Rxf3 cxd4 25. Qxe7 Rce8 26. Qd7 Rxe5 27.
Rd1 Rf5 28. Rfd3 Ra5 29. a3 Qb5 30. Qxb5 Rxb5 31. b4 Rc8 32. Kf1 a5 33. bxa5
bxa5 34. Ke2 Rb2+ 35. R1d2 Rcc2 36. Rxc2 Rxc2+ 37. Kf3 Rc3 0-1

[Event "Konik Morski Rewala OPEN B"]
[Site "Rewal"]
[Date "2007.08.29"]
[Round "9.4"]
[White "Chmielinska, Alicja"]
[Black "Ziebinski, Bartosz"]
[Result "0-1"]
[WhiteElo "2073"]
[BlackElo "1853"]
[PlyCount "75"]
[EventDate "2007.??.??"]

1. e4 c5 2. Nc3 Nc6 3. f4 d6 4. Nf3 g6 5. Bc4 Bg7 6. O-O e6 7. d3 Nge7 8. Qe1
O-O 9. f5 exf5 10. Qh4 h5 11. Bg5 Qc7 12. Bf6 Be6 13. Nd5 Bxd5 14. exd5 Bxf6
15. Qxf6 Nb4 16. c3 Nbxd5 17. Qg5 Kh7 18. Nh4 f6 19. Qg3 f4 20. Qf3 Ne3 21.
Qxf4 Nxf1 22. Rxf1 Qd7 23. Re1 d5 24. Bb5 Nc6 25. Qg3 Rg8 26. h3 Rae8 27. d4
Rxe1+ 28. Qxe1 cxd4 29. cxd4 Qe7 30. Qf2 f5 31. Nf3 a6 32. Bd3 Re8 33. Qc2 Qe3+
34. Kh2 Nb4 35. Qc7+ Re7 36. Qd6 Nxd3 37. Ne5 Nxe5 38. Qxe7+ 0-1

[Event "Konik Morski Rewala OPEN B"]
[Site "Rewal"]
[Date "2007.08.29"]
[Round "9.5"]
[White "Kaniak, Monika"]
[Black "Dubiel, Lukasz"]
[Result "1-0"]
[WhiteElo "1950"]
[BlackElo "1918"]
[PlyCount "67"]
[EventDate "2007.??.??"]

1. d4 d5 2. c4 e6 3. Nc3 Nf6 4. Bg5 Nbd7 5. Nf3 c6 6. e3 Bd6 7. cxd5 exd5 8.
Bd3 O-O 9. O-O h6 10. Bh4 Re8 11. a3 Qb6 12. b4 Ne4 13. Na4 Qc7 14. Rc1 Nf8 15.
Nc3 Nxc3 16. Rxc3 Bg4 17. Bg3 Bxg3 18. hxg3 a6 19. Qc2 Bxf3 20. gxf3 Qd6 21.
Kg2 Ne6 22. f4 Re7 23. Rh1 Nc7 24. Qb2 Ne6 25. Bb1 b5 26. Qc2 Ree8 27. Rxc6 Qd7
28. Qh7+ Kf8 29. Rhc1 Ke7 30. f5 Rh8 31. fxe6 Qxc6 32. Rxc6 Rxh7 33. Bxh7 g6
34. exf7 1-0

[Event "Konik Morski Rewala OPEN B"]
[Site "Rewal"]
[Date "2007.08.29"]
[Round "9.6"]
[White "Polok, Kacper"]
[Black "Wojtaszewski, Piotr"]
[Result "0-1"]
[WhiteElo "1887"]
[BlackElo "1848"]
[PlyCount "34"]
[EventDate "2007.??.??"]

1. e4 c5 2. Nc3 g6 3. f4 e6 4. Nf3 Bg7 5. e5 d5 6. exd6 Qxd6 7. Bb5+ Bd7 8. O-O
Nf6 9. d3 O-O 10. Ne5 a6 11. Bxd7 Nbxd7 12. Nxd7 Qxd7 13. Qf3 Rac8 14. Be3 Nd5
15. Nxd5 exd5 16. Rab1 Rfe8 17. b3 Rxe3 0-1

[Event "Konik Morski Rewala OPEN B"]
[Site "Rewal"]
[Date "2007.08.29"]
[Round "9.7"]
[White "Pienkos, Slawomir"]
[Black "Borowicz, Przemyslaw"]
[Result "0-1"]
[WhiteElo "2064"]
[BlackElo "1936"]
[PlyCount "88"]
[EventDate "2007.??.??"]

1. e4 e6 2. d4 d5 3. Bd3 c5 4. dxc5 dxe4 5. Bxe4 Qxd1+ 6. Kxd1 Bxc5 7. Be3 Bxe3
8. fxe3 Nf6 9. Bf3 Nc6 10. Nc3 Ke7 11. a3 Rd8+ 12. Ke2 Ne5 13. Rd1 Rxd1 14.
Nxd1 Nxf3 15. Nxf3 b6 16. Nc3 Ba6+ 17. Kd2 Rd8+ 18. Kc1 Nd5 19. Nxd5+ Rxd5 20.
Rd1 Rxd1+ 21. Kxd1 Bb7 22. Kd2 h6 23. Kd3 f6 24. b4 g5 25. h3 f5 26. Ke2 Kd6
27. c4 e5 28. Kf2 Ba6 29. Nd2 h5 30. g3 e4 31. g4 hxg4 32. hxg4 Ke5 33. gxf5
Kxf5 34. Kg3 Bc8 35. Nb3 Ke5 36. Nd4 Bd7 37. c5 bxc5 38. bxc5 Kd5 39. c6 Bxc6
40. Nxc6 Kxc6 41. Kg4 Kd5 42. Kxg5 Kc4 43. Kf5 Kd3 44. Kf4 a6 0-1

[Event "Konik Morski Rewala OPEN B"]
[Site "Rewal"]
[Date "2007.08.29"]
[Round "9.8"]
[White "Szarwacki, Dominik"]
[Black "Skwarnicki, Adam"]
[Result "1/2-1/2"]
[WhiteElo "1928"]
[BlackElo "2063"]
[PlyCount "98"]
[EventDate "2007.??.??"]

1. e4 e6 2. d4 d5 3. Nc3 Bb4 4. e5 c5 5. a3 Bxc3+ 6. bxc3 Qc7 7. Qg4 f5 8. Qg3
cxd4 9. cxd4 Ne7 10. Bg5 b6 11. Bxe7 Qxe7 12. c4 dxc4 13. Bxc4 Ba6 14. Qf3 Bxc4
15. Qxa8 O-O 16. Qf3 Bd5 17. Qh3 Qb7 18. Nf3 Qa6 19. Nd2 Rc8 20. Qe3 Rc2 21. f3
Qa5 22. Rd1 Rc3 23. Qg5 Nc6 24. O-O Rxa3 25. Nb1 Rb3 26. Rc1 Qb4 27. Rfd1 h6
28. Qd2 Qxd2 29. Rxd2 b5 30. Nc3 Bc4 31. d5 Nxe5 32. dxe6 Bxe6 33. Re1 Nc4 34.
Rde2 Bf7 35. Nb1 f4 36. Nd2 Nxd2 37. Rxd2 Re3 38. Ra1 Bc4 39. h4 Re7 40. Rd6
Rb7 41. Rd8+ Kh7 42. Ra8 b4 43. R8xa7 Rb6 44. Rc7 Ba6 45. Rb1 Bd3 46. Rb2 Bg6
47. Rc4 Rb5 48. Rbxb4 Rxb4 49. Rxb4 Bf5 1/2-1/2

[Event "Konik Morski Rewala OPEN B"]
[Site "Rewal"]
[Date "2007.08.29"]
[Round "9.9"]
[White "Grygierczyk, Wojciech"]
[Black "Kopinski, Tomasz"]
[Result "0-1"]
[WhiteElo "1808"]
[BlackElo "2032"]
[PlyCount "74"]
[EventDate "2007.??.??"]

1. d4 Nf6 2. Nc3 c5 3. Nf3 cxd4 4. Nxd4 d5 5. Bf4 Nc6 6. e3 e6 7. Bd3 Bd6 8.
Bxd6 Qxd6 9. O-O e5 10. Nf5 Bxf5 11. Bxf5 O-O 12. Qd2 Rad8 13. Rfd1 g6 14. Bd3
Rfe8 15. Nb5 Qe7 16. Rac1 a6 17. Na3 e4 18. Bf1 Qe5 19. c3 Ng4 20. g3 Qh5 21.
h3 Nge5 22. Qe2 Nf3+ 23. Kg2 Re6 24. Kh1 Rf6 25. c4 Nce5 26. Rxd5 Rxd5 27. cxd5
Nd3 28. Rc8+ Kg7 29. Rd8 Qg5 30. Qc2 Nfe5 31. Bxd3 Nxd3 32. Qc3 Nxf2+ 33. Kh2
Qf5 34. Qc8 Ng4+ 35. hxg4 Qf2+ 36. Kh3 Qf1+ 37. Kh4 Qh1+ 0-1

[Event "Konik Morski Rewala OPEN B"]
[Site "Rewal"]
[Date "2007.08.29"]
[Round "9.12"]
[White "Musialkiewicz, Pawel"]
[Black "Falkowski, Dawid"]
[Result "1/2-1/2"]
[WhiteElo "1839"]
[BlackElo "2048"]
[PlyCount "47"]
[EventDate "2007.??.??"]

1. d4 Nf6 2. c4 e6 3. Nf3 b6 4. g3 Bb7 5. Bg2 Be7 6. O-O O-O 7. Nc3 d5 8. Ne5
Nbd7 9. cxd5 Nxd5 10. Nxd5 Bxd5 11. Bxd5 exd5 12. Nc6 Qe8 13. Bf4 Bf6 14. Rc1
Nc5 15. dxc5 Qxc6 16. cxb6 Qxb6 17. Qxd5 Qxb2 18. Rxc7 Rad8 19. Qb3 Qxe2 20.
Rxa7 Rd3 21. Qb4 Rd1 22. Rxd1 Qxd1+ 23. Kg2 Qd5+ 24. Kg1 1/2-1/2

[Event "Konik Morski Rewala OPEN B"]
[Site "Rewal"]
[Date "2007.08.29"]
[Round "9.13"]
[White "Zielinski, Olgierd"]
[Black "Botor, Michal"]
[Result "1-0"]
[WhiteElo "2044"]
[BlackElo "1890"]
[PlyCount "91"]
[EventDate "2007.??.??"]

1. d4 d5 2. Nc3 e6 3. e4 Bb4 4. e5 c5 5. a3 cxd4 6. axb4 dxc3 7. Nf3 cxb2 8.
Bxb2 Nc6 9. b5 Nce7 10. Nd4 Ng6 11. Nb3 N8e7 12. h4 h5 13. Bd3 Qc7 14. Qe2 Bd7
15. Qe3 b6 16. f4 Rc8 17. Nd4 Ra8 18. g3 Qc5 19. Ba3 Qc3+ 20. Kf2 Nf5 21. Nxf5
exf5 22. Rhe1 Be6 23. Bd6 Kd7 24. Ra3 Qc8 25. Rea1 Qb7 26. Qd4 Ne7 27. Qb4 Nc8
28. Rc3 Rd8 29. Rc7+ Qxc7 30. Bxc7 Kxc7 31. Qc3+ Kb8 32. Be2 g6 33. Qb4 Rd7 34.
c4 Ne7 35. Bf3 Kb7 36. Qa3 a5 37. bxa6+ Ka7 38. c5 Rb8 39. cxb6+ Rxb6 40. Qc5
d4 41. Rb1 Nc8 42. Qxc8 Rxb1 43. Qa8+ Kb6 44. Qb8+ Kxa6 45. Qxb1 d3 46. Bc6 1-0